000 00801nam a22002897a 4500
001 BR9902940
003 BR-BrBNA
005 20230928100428.0
007 ta
008 230509b bl.||||| |||| 00| 0 por d
040 _aBR-BrBNA
_bpor
_cBiblioteca Nacional de Agricultura
041 _a(Por)
072 _aL01
_b7100
090 _ 7100 BR9902940
100 1 _aPinho Filho, R. de
110 1 _aServico de Apoio as Micro e Pequenas Empresas do Estado de Mato Grosso, Cuiaba (Brasil)
_99297
245 1 _aCriacao de abelhas
_bColecao Agroindustria, v. 10
250 1 _a2. ed.
260 3 _aCuiaba, MT (Brasil):
_c1998.
300 _a77 p.
500 _a37 illus.
650 _aAbelha
650 _aCriacao
650 _aApicultura
909 _a202309
_bLucia
_c55
_dLucia Elande
942 _cBK
999 _c61288
_d61288